Investiční multiplikátor.

Obsah pojmu "investičný multiplikátor". Preceňovanie úlohy investícií. Obmedzenie platnosti multiplikátora. Vplyv Keynesovej ekonomickej teórie. Závery pre posúdenie významu multiplikátora pri rozhodovaní o investičných projektoch.

Uložené v:
Podrobná bibliografia
Hlavný autor: Plachý, M.
Médium: Kapitola
Jazyk:Czech
Predmet:
Tagy: Pridať tag
Žiadne tagy, Buďte prvý, kto otaguje tento záznam!

MARC

LEADER 00000naa a2200000 4500
001 r012490
005 20220826094643.6
041 0 |a cze 
044 |a CZ 
245 1 0 |a Investiční multiplikátor.  |c M. Plachý 
520 |a Obsah pojmu "investičný multiplikátor". Preceňovanie úlohy investícií. Obmedzenie platnosti multiplikátora. Vplyv Keynesovej ekonomickej teórie. Závery pre posúdenie významu multiplikátora pri rozhodovaní o investičných projektoch. 
610 2 0 |a investície 
610 2 0 |a multiplikátor 
610 2 0 |a projekty 
610 2 0 |a investície verejné 
100 1 |a Plachý, M.